| 000 | 00692nam a22001937a 4500 | ||
|---|---|---|---|
| 005 | 20240912164949.0 | ||
| 010 | _aB-760278 RP | ||
| 020 |
_c340.00 _a1295.00 |
||
| 035 | _aB-760278 | ||
| 037 | _bAkshresh Enterprises | ||
| 082 | _a000 | ||
| 245 |
_aThe Complete Guide for LLB; _bEntrance Examination 2024-25/ |
||
| 260 |
_aDelhi _bLearnx Edsys PVT |
||
| 270 |
_bDelhi _a |
||
| 300 |
_aVp. _c28cm(pbk) |
||
| 700 |
_aVerma Kunal _959337 |
||
| 942 |
_2ddc _cEN _h000 _mTHE |
||
| 999 |
_c205791 _d205791 |
||